• 首页
  • 本馆介绍
  • 公告通知
  • 最新文献
  • 馆藏检索
  • 电子资源
  • 读者导购
  • 参考咨询
  • 我的图书馆
  • 登录
  • 详细信息显示
  • 放入我的书架
  • 预约/预借图书
  • 作者相关作品
  • 分类相关作品
  • 丛书相关作品
  • 出版社相关作品

书目信息

  • 表格格式
  • 工作单格式
  • 卡片格式
书名: Nursing diagnosis
作者: [edited by] Lynda Juall Carpenito.
分册号:
分册名:
出版地: Philadelphia :
 
出版社: Lippincott
出版时间: c2000.
页数: xxii, 1226 p. :
开本: 26 cm.
丛书名:
中图分类号:
科图分类号:
其他分类号: R4
主题词:
电子资源:
000 00832nam 22000277i 450
001 E0760971038
005 20070506165624.07
008 990616m2000 u y a b 001 0
020    @a9780781719704 (paper : alk. paper).
020    @a0781719704 (paper : alk. paper) :@cD [450.00].
041    @aeng
050    @aRT48.6@b.C386 2000
082 04 @a616.07/5@221
090    @aR47
090    @aR44
090    @aR4
099    @dR4@ex49=8
100 1  @aCarpenito@cLynda Juall.
245 10 @aNursing diagnosis / @c[edited by] Lynda Juall Carpenito.
250    @a8th ed.
260 1  @aPhiladelphia :@bLippincott,@cc2000.
300    @axxii, 1226 p. :@bill. ;@c26 cm.
504    @aIncludes bibliographical references and index.
650  4 @aPatient Care Planning.
650  4 @aNursing diagnosis.
650  4 @aNursing diagnosis.
    
    Nursing diagnosis / / [edited by] Lynda Juall Carpenito.-8th ed.-Philadelphia : : Lippincott, , c2000.
    xxii, 1226 p. : : ill. ; ; 26 cm.
    Includes bibliographical references and index.
    
    ISBN 9780781719704 (paper : alk. paper).
    
●
相关链接 在E读中查询图书 在五车中查询图书 在当当中查询图书 在豆瓣中查询图书


正题名:Nursing diagnosis     索取号:R4/x49=8         预约/预借

序号 登录号 条形码 馆藏地/架位号 状态 备注
1 007566   300075665   第二样本阅览室/ [索取号:R4/x49=8] 在馆    
2 007567   300075674   第四借阅区/ [索取号:R4/x49=8] 在馆    
3 007568   300075683   第四借阅区/ [索取号:R4/x49=8] 在馆    
4 007569   300075692   第四借阅区/ [索取号:R4/x49=8] 在馆    
唐山师范学院图书馆 欢迎您!
大连网信软件有限公司© 版权所有